72_表記が2文字かつ読みが2文字の市区町村 - Statistics

General Stats
  • This quiz has been taken 62 times
  • The average score is 134 of 152
Answer Stats
表記
文字
読み
文字
都道府
県名
種類 市区町村名 % Correct
2 2 愛知県 あま市
100%
2 2 島根県 海士町
100%
2 2 熊本県 阿蘇市
97%
2 2 長野県 阿智村
97%
2 2 茨城県 阿見町
97%
2 2 徳島県 阿波市
97%
2 2 長崎県 壱岐市
97%
2 2 静岡県 伊豆市
97%
2 2 兵庫県 小野市
97%
2 2 福島県 小野町
97%
2 2 岐阜県 岐阜市
97%
2 2 茨城県 古河市
97%
2 2 福岡県 古賀市
97%
2 2 佐賀県 佐賀市
97%
2 2 長野県 佐久市
97%
2 2 長野県 諏訪市
97%
2 2 長野県 茅野市
97%
2 2 千葉県 野田市
97%
2 2 岩手県 野田村
97%
2 2 高知県 安芸市
93%
2 2 山口県 阿武町
93%
2 2 沖縄県 伊江村
93%
2 2 鹿児島県 伊佐市
93%
2 2 三重県 伊勢市
93%
2 2 長野県 伊那市
93%
2 2 埼玉県 伊奈町
93%
2 2 奈良県 宇陀市
93%
2 2 山梨県 甲斐市
93%
2 2 石川県 加賀市
93%
2 2 埼玉県 加須市
93%
2 2 岐阜県 可児市
93%
2 2 高知県 香美市
93%
2 2 兵庫県 香美町
93%
2 2 宮城県 加美町
93%
2 2 新潟県 加茂市
93%
2 2 青森県 佐井村
93%
2 2 滋賀県 多賀町
93%
2 2 三重県 多気町
93%
2 2 佐賀県 多久市
93%
2 2 岐阜県 土岐市
93%
2 2 高知県 土佐市
93%
2 2 高知県 土佐町
93%
2 2 茨城県 那珂市
93%
2 2 徳島県 那賀町
93%
2 2 沖縄県 名護市
93%
2 2 石川県 能登町
93%
2 2 大分県 日田市
93%
2 2 岐阜県 飛騨市
93%
2 2 岐阜県 美濃市
93%
2 2 新潟県 阿賀町
90%
2 2 三重県 伊賀市
90%
2 2 京都府 伊根町
90%
2 2 愛媛県 伊予市
90%
2 2 熊本県 宇城市
90%
2 2 秋田県 羽後町
90%
2 2 大分県 宇佐市
90%
2 2 京都府 宇治市
90%
2 2 熊本県 宇土市
90%
2 2 山口県 宇部市
90%
2 2 岐阜県 恵那市
90%
2 2 秋田県 男鹿市
90%
2 2 福岡県 嘉麻市
90%
2 2 埼玉県 久喜市
90%
2 2 岩手県 久慈市
90%
2 2 岐阜県 下呂市
90%
2 2 奈良県 御所市
90%
2 2 新潟県 佐渡市
90%
2 2 栃木県 佐野市
90%
2 2 神奈川県 座間市
90%
2 2 石川県 志賀町
90%
2 2 神奈川県 逗子市
90%
2 2 石川県 珠洲市
90%
2 2 愛知県 瀬戸市
90%
2 2 千葉県 千葉市
90%
2 2 佐賀県 鳥栖市
90%
2 2 埼玉県 戸田市
90%
2 2 三重県 鳥羽市
90%
2 2 岡山県 奈義町
90%
2 2 沖縄県 那覇市
90%
2 2 奈良県 奈良市
90%
2 2 石川県 能美市
90%
2 2 富山県 氷見市
90%
2 2 茨城県 水戸市
90%
2 2 栃木県 壬生町
90%
2 2 京都府 井手町
87%
2 2 高知県 いの町
87%
2 2 福岡県 宇美町
87%
2 2 佐賀県 小城市
87%
2 2 長野県 麻績村
87%
2 2 熊本県 球磨村
87%
2 2 茨城県 五霞町
87%
2 2 埼玉県 志木市
87%
2 2 三重県 志摩市
87%
2 2 鹿児島県 曽於市
87%
2 2 奈良県 曽爾村
87%
2 2 兵庫県 多可町
87%
2 2 東京都 多摩市
87%
2 2 愛知県 知多市
87%
2 2 島根県 知夫村
87%
2 2 宮城県 登米市
87%
2 2 大阪府 能勢町
87%
2 2 静岡県 富士市
87%
2 2 山口県 美祢市
87%
2 2 滋賀県 野洲市
87%
2 2 福岡県 八女市
87%
2 2 大分県 由布市
87%
2 2 山口県 和木町
87%
2 2 岡山県 和気町
87%
2 2 高知県 越知町
83%
2 2 長野県 木曽町
83%
2 2 長野県 木祖村
83%
2 2 大分県 玖珠町
83%
2 2 長崎県 佐々町
83%
2 2 福岡県 志免町
83%
2 2 千葉県 多古町
83%
2 2 北海道 | 福島県 伊達市
83%
2 2 鳥取県 智頭町
83%
2 2 鹿児島県 知名町
83%
2 2 高知県 津野町
83%
2 2 宮崎県 都農町
83%
2 2 茨城県 利根町
83%
2 2 栃木県 那須町
83%
2 2 栃木県 野木町
83%
2 2 栃木県 芳賀町
83%
2 2 東京都 日野市
83%
2 2 滋賀県 | 鳥取県 日野町
83%
2 2 青森県 むつ市
83%
2 2 大阪府 八尾市
83%
2 2 鳥取県 八頭町
83%
2 2 宮城県 利府町
83%
2 2 沖縄県 金武町
80%
2 2 岩手県 紫波町
80%
2 2 広島県 世羅町
80%
2 2 高知県 田野町
80%
2 2 佐賀県 太良町
80%
2 2 山梨県 都留市
80%
2 2 愛媛県 砥部町
80%
2 2 長野県 根羽村
80%
2 2 兵庫県 三木市
80%
2 2 香川県 三木町
80%
2 2 茨城県 美浦村
80%
2 2 徳島県 美馬市
80%
2 2 徳島県 牟岐町
80%
2 2 兵庫県 養父市
80%
2 2 山形県 遊佐町
80%
2 2 福岡県 須恵町
77%
2 2 北海道 仁木町
77%
2 2 大分県 日出町
73%
2 2 北海道 由仁町
73%
2 2 和歌山県 由良町
70%
No matching quizzes found
Score Distribution
Percent of People with Each Score
Percentile by Number Answered
Your Score History
You have not taken this quiz